Paroles _ La Victoire de Zéro Janvier de STARMANIA - Statistiques

Statistiques générales
  • Ce quiz a été pris 30 fois
  • Le résultat moyen est 131 sur 183
Statistiques - réponses
Hint Réponse % Correct
à
94%
a
94%
Stella A
94%
de
94%
Janvier,
94%
Janvier
94%
la
94%
le
94%
près
94%
Président
94%
Zéro
94%
l'Occident
88%
ma
88%
Pour
88%
victoire.
88%
avez
81%
Ça
81%
ça
81%
c'est
81%
moi
81%
ne
81%
nous
81%
pas
81%
que
81%
qui
81%
vous
81%
y
81%
croire.
75%
du
75%
est
75%
et
75%
mes
75%
Ou
75%
75%
plus
75%
savoir
75%
Stella Si
75%
si
75%
un
75%
une
75%
voté.
75%
voulez
75%
au
69%
beau ?
69%
côtés.
69%
dans
69%
être
69%
fin
69%
l'histoire.
69%
l'homme
69%
maintenant
69%
Mais
69%
majorité
69%
moment
69%
morale
69%
Parti
69%
Cœurs P.P.P.P
69%
Pris
69%
Progrès
69%
quoi
69%
regardez-
69%
sert
69%
tout
69%
Stella Voici
69%
après
63%
haut ?
63%
Je
63%
Mesdames
63%
Messieurs
63%
miroir.
63%
peau.
63%
quand
63%
sur
63%
Zéro Telle
63%
Zéro Tu
63%
voudrez
63%
vouloir
63%
d'être
56%
gagné.
56%
m'accrocher
56%
monter
56%
peut
56%
pouvoir.
56%
reste
56%
S'il
56%
star.
56%
ton
56%
volonté
56%
Voyez
56%
bien
50%
cent
50%
chaleur
50%
chez
50%
combat.
50%
désir
50%
mener
50%
mille
50%
millions
50%
Cœurs Neuf-
50%
neuf-
50%
neuf
50%
Cœurs On
50%
on
50%
quatre-
50%
Rentrez
50%
rien
50%
serais
50%
seras
50%
spotlight
50%
tous
50%
vient
50%
vingt
50%
voix.
50%
voix
50%
d'un
44%
Encore
44%
gagnons
44%
milliard.
38%
show
38%
très
38%
Chantons
31%
Aucun quiz correspondant
Distribution des résultats
% des personnes avec chaque résultat
Percentile par nombre de réponses
Votre historique - résultats
Vous n’avez pas pris ce quiz